| 000 | 00478nam a2200205Ia 4500 | ||
|---|---|---|---|
| 003 | 0100 | ||
| 008 | 130307s9999 xx 000 0 und d | ||
| 040 | _cARRUPELIB | ||
| 050 | _aJF2049.W2 | ||
| 100 | _aWalls, Graham | ||
| 245 | _aHuman nature in politics | ||
| 260 | _aLincoln | ||
| 260 | _bUniversity of Nebraska press | ||
| 260 | _c1962 | ||
| 300 | _a313p. | ||
| 300 | _b22cm | ||
| 650 | _bPentecostalism | ||
| 650 | _cPentecostalism--Great Britain | ||
| 942 | 0 | 0 | _01 |
| 999 |
_c101340 _d101340 |
||